000 00494nmm a2200169Ia 4500
008 251105s9999||||xx |||||||||||||||||und||
020 _a9788499531670
041 _aspa
100 _aCasas, Bartolomé de las
245 0 _aHistoria de las Indias (selección)
264 _a[Madrid, España] :
_bLinkgua,
_c2011
300 _a200 páginas
490 _aMemoria
650 _aHistory of the Americas: Latin America
856 _uhttps://public.digitaliapublishing.com/a/16459
942 _cCF
999 _c93055
_d93055